000 00431pab a2200169 454500
008 180718b1997 xxu||||| |||| 00| 0 eng d
100 _aGreen, David A.
245 _aQualifying for unemployment insurance: an empirical analysis
260 _c1997
300 _ap.67-84
362 _aJan
650 _aUnemployment
650 _aSocial security
700 _aRiddell, W. Craig
773 _aEconomic Journal
909 _a34257
999 _c34257
_d34257